| 000 | 00763cam a22002414a 4500 | ||
|---|---|---|---|
| 001 | 12525823 | ||
| 005 | 20180817040226.0 | ||
| 008 | 010905s2001 maua b 001 0 eng | ||
| 010 | _a 2001131551 | ||
| 020 | _a0395615569 | ||
| 040 |
_aDLC _cDLC _dDLC |
||
| 041 | _aeng | ||
| 042 | _apcc | ||
| 080 | _a122.072 | ||
| 082 | 0 | 0 |
_a122.072 _221 |
| 100 | 1 | _a48 | |
| 101 | _aPSI | ||
| 245 | 1 | 0 |
_aExperimental and quasi-experimental designs for generalized causal inference / _cWilliam R. Shedish, Thomas D. Cook, Donald T. Campbell. |
| 504 | _aIncludes bibliographical references (p. 514-591) and indexes. | ||
| 906 |
_a7 _bcbc _corignew _d2 _encip _f20 _gy-gencatlg |
||
| 942 |
_2ddc _cBK |
||
| 999 |
_c47199 _d47199 |
||